00733nam a2200169Ia 4500008004100000020001500041050001700056100003300073240004400106245015500150250000700305260002200312300002000334500004900354650004400403700011600447120720s9999 xx 000 0 und d a9700773213 aH61 M37 2007 aMARTIN SANCHEZ, MARIA TERESA aINTRODUCCION A LAS CIENCIAS SOCIALES II aINTRODUCCION A LAS CIENCIAS SOCIALES II / MARIA TERESA MARTIN SANCHEZ, RAQUEL GUTIERREZ ARAGON, ROBERTO HERVER GOMEZ, MANUEL HUMBERTO HERNANDEZ - LEON a24 aMéxico : PORRUA a236 P. / 22 CM. aINCLUYE TEMARIO E INDICE AL FINAL DE LA OBRA aCIENCIAS SOCIALES \ ECONOMIA - POLITICA aGUTIERREZ ARAGON, RAQUEL. COAUT. \ HERVER GOMEZ, ROBERTO. COAUT. \ HERNANDEZ - LEON, MANUEL HUMBERTO, COAUT.Ì